UK Rural Conference (Record no. 121602)
[ view plain ]
| 000 -LEADER | |
|---|---|
| fixed length control field | 02661nam a22002657a 4500 |
| 008 - FIXED-LENGTH DATA ELEMENTS--GENERAL INFORMATION | |
| fixed length control field | 230712s2023 xxk|||||o|||| 00| 0 eng d |
| 041 ## - LANGUAGE CODE | |
| Language code of text/sound track or separate title | eng |
| 110 ## - MAIN ENTRY--CORPORATE NAME | |
| Corporate author | Royal Institution of Chartered Surveyors |
| 245 ## - TITLE STATEMENT | |
| Title | UK Rural Conference |
| Subtitle | Navigating the Transition: Sustainability, Innovation, and Empowerment in UK Rural Sector |
| 260 ## - PUBLICATION INFORMATION | |
| Place of publication | Cirencester, |
| Publisher | Royal Institution of Chartered Surveyors, |
| Date | 27 June 2023 |
| 490 ## - SERIES TITLE | |
| Series statement | RICS Conference |
| 500 ## - GENERAL NOTE | |
| General note | This was a face-to-face event but was also recorded and is available from end of July 2023 online for those with the anyone has the RICS development package |
| 520 ## - ABSTRACT | |
| Abstract | The UK rural sector is in a state of significant transition. Against a backdrop of a net zero target by 2050, the RICS UK Rural Conference will be an insightful and informative event for all those involved in the rural economy, including farmers, land managers, surveyors, valuers and environmentalists. The conference will brought together experts in the field to discuss current and upcoming developments, as well as provide practical insights and advice on how to prepare for the future challenges. Covering an eclectic range of topics including DEFRA's Agricultural Transition, the RICS Guidance Note on Land Agreements for Development Purposes, Planning and the Levelling Up Agenda,Taxation Update, International Trade Deals, Carbon Markets, Energy and Property, Legal Update, and Empowering Positive Environmental Change.<br/>Special address from Tina Pailett FRICS, President Elect, RICS; Opening keynote: An update from DEFRA on agricultural transition presented by Fiona James; An update on RICS Guidance Note – Land agreements for development purposes presented by David O'Reilly MRICS; Panel Discussion: Planning and the levelling up agenda; Taxation updates by James Stevens; International trade deals and impact on UK agriculture presented by Nick von Westenholz; Biodiversity Net Gain: Navigating the opportunity for the rural economy presented by Alexa Culver; Energy and property presented by Emma Fletcher; Legal update on land use and management presented by Carrie de Silva; Empowering positive environmental change (GIS mapping) presented by Tim Hopkin; |
| 650 ## - KEYWORDS | |
| Keywords | AGRICULTURE |
| 650 ## - KEYWORDS | |
| Keywords | BIODIVERSITY NET GAIN |
| 650 ## - KEYWORDS | |
| Keywords | GEOMATICS |
| 650 ## - KEYWORDS | |
| Keywords | LAND AGREEMENTS |
| 650 ## - KEYWORDS | |
| Keywords | RURAL |
| 651 ## - SUBJECT ADDED ENTRY--GEOGRAPHIC NAME | |
| Geographic name | United Kingdom |
| 690 ## - BROAD SUBJECT | |
| 9 (RLIN) | 6251 |
| Broad subject | Land use |
| 690 ## - BROAD SUBJECT | |
| 9 (RLIN) | 6238 |
| Broad subject | Environment |
| 710 ## - ADDED CORPORATE NAME | |
| Added corporate author | Royal Institution of Chartered Surveyors |
| 856 ## - ONLINE RESOURCE | |
| Uniform Resource Identifier | <a href="https://rics.koha-ptfs.co.uk/cgi-bin/koha/opac-retrieve-file.pl?id=a638fcda4356d0676f30e05f969b93c5">https://rics.koha-ptfs.co.uk/cgi-bin/koha/opac-retrieve-file.pl?id=a638fcda4356d0676f30e05f969b93c5</a> |
| Public note | View the conference programme |
| 942 ## - ADDED ENTRY ELEMENTS (KOHA) | |
| Suppress in OPAC | Do not suppress in OPAC |
| Lost status | Damaged status | Not for loan | Current library | Shelving location | Date acquired | Total Checkouts | Full call number | Date last seen | Price effective from | Koha item type |
|---|---|---|---|---|---|---|---|---|---|---|
| Virtual | Online | 12/07/2023 | CONFERENCE | 12/07/2023 | 12/07/2023 | Video |